000 00386ntaaa2200169 4500
003 01
005 20251027202314.0
008 0714s1973 ag 01
040 _aAR-BaBN
_bspa
_cAR-BaBN
_eaacr
_dRIC
082 _a280.1000 C74t
100 _aConsejo Mundial de Iglesias
245 _aTodas las cosas nuevas
250 _a1 ed.
260 _as.l.,
_c1968
300 _a48 p
942 _cBK
999 _c17850
_d17850